Find the brands through riddles - Statistics

General Stats
  • This quiz has been taken 17 times
  • The average score is 7 of 15
Answer Stats
Hint Answer % Correct
Fruit used for the cider Apple
69%
A citrus fruit Orange
69%
The devil wears Prada
69%
Weapon projecting cannonballs Cannon
62%
Kids in german Kinder
62%
Highest rank in a republic President
54%
To make an image bigger Zoom
54%
His race car Ferrari
46%
A number with 100 zeros Googol (Google)
46%
What we need to live in another country Visa
46%
The monegascan automobile champion Charles E.Leclerc
31%
The groupe of "Rythm of the night" Corona
23%
Earing/Listening in latin Audi
15%
The winner of the star academy 2023-2024 (France) Pierre Garnier
15%
Read in french in present perfect LU
15%
No matching quizzes found
Score Distribution
Percent of People with Each Score
Percentile by Number Answered
Your Score History
You have not taken this quiz